000
00249nam a2200097Ia 4500
001
653828
005
20250826154506.0
008
250824s9999 xx 000 0 und d
245
0
_a
DEDEMİN BAKKALI/N1
_c
ŞERMİN YAŞAR
260
_b
TAZE KİTAP YAYINLARI
999
_c
653828
_d
653828